[Event "Thessaloniki-Chalkidiki-chT B local"]
[Site "Thessaloniki"]
[Date "2019.01.20"]
[Round "2.7"]
[White "Stefanidis, Evgenios"]
[Black "Karamanis, Ioannis Marios"]
[Result "1-0"]
[WhiteElo "1189"]
[BlackElo "1537"]
[PlyCount "87"]
[EventDate "2019.01.13"]
[EventType "team-swiss"]
[EventRounds "9"]
[EventCountry "GRE"]
[SourceTitle "EXT 2020"]
[Source "ChessBase"]
[SourceDate "2019.10.17"]
[SourceVersion "1"]
[SourceVersionDate "2019.10.17"]
[SourceQuality "1"]

1. b4 e5 2. Bb2 d6 3. c4 g6 4. Nf3 Bg7 5. e3 Nf6 6. d4 exd4 7. exd4 0-0 8. Be2 c6 9. 0-0 d5 10. Ne5 Nbd7 11. Nd2 Nxe5 12. dxe5 Nd7 13. Nf3 dxc4 14. Bxc4 Qe7 15. a3 Nb6 16. Bb3 Rd8 17. Qc2 Be6 18. Rfe1 Bxb3 19. Qxb3 Rd5 20. Rad1 Rad8 21. Rxd5 Rxd5 22. Qe3 Nc4 23. Qc3 Nxb2 24. Qxb2 a5 25. bxa5 Rxa5 26. Re3 Rb5 27. Qa1 Bh6 28. Rd3 Bg7 29. Re3 Rc5 30. a4 Bh6 31. Re1 Ra5 32. Re4 b5 33. g3 Qe6 34. Nd4 Rxa4 35. Qxa4 bxa4 36. Nxe6 fxe6 37. Rxa4 Bf8 38. Ra6 c5 39. Rxe6 Kf7 40. Rc6 Be7 41. f4 Bd8 42. Kf1 Be7 43. Ke2 h6 44. Kd3 1-0

[Event "EThessaloniki SSTH HALK-ch U16"]
[Site "Thessaloniki"]
[Date "2017.10.08"]
[Round "2.1"]
[White "Karamanis, Ioannis Marios"]
[Black "Triantafilidis, Mihail"]
[Result "0-1"]
[WhiteElo "1561"]
[BlackElo "1754"]
[PlyCount "80"]
[EventDate "2017.10.01"]
[EventType "swiss"]
[EventRounds "6"]
[EventCountry "GRE"]
[SourceTitle "EXT 2024"]
[Source "ChessBase"]
[SourceDate "2023.10.10"]
[SourceVersion "1"]
[SourceVersionDate "2023.10.10"]
[SourceQuality "1"]

1. e4 Nf6 2. e5 Nd5 3. c4 Nb6 4. d4 d6 5. exd6 exd6 6. Nc3 Nc6 7. Nf3 Bf5 8. Bd3 Bg4 9. Be2 Be7 10. 0-0 0-0 11. d5 Bxf3 12. Bxf3 Ne5 13. b3 Bf6 14. Bd2 Re8 15. Be2 Ng6 16. Qc2 a5 17. Bd3 Nd7 18. Rae1 Nc5 19. Bf5 Be5 20. Kh1 Qf6 21. Nb5 Na6 22. Bxa5 c6 23. Nc3 b6 24. dxc6 bxa5 25. Nd5 Qd8 26. Bd7 Rf8 27. f4 Bd4 28. Qe4 Bf6 29. g4 Nc5 30. Qe3 Nxd7 31. cxd7 h6 32. Nb6 Rb8 33. c5 Qc7 34. g5 hxg5 35. fxg5 Be5 36. Nd5 Qxc5 37. Qf3 Qb5 38. Rxe5 dxe5 39. Nf6+ gxf6 40. gxf6 Qb7 0-1

[Event "GRE-chT 45th"]
[Site "Achaia"]
[Date "2017.07.03"]
[Round "1.15"]
[White "Triantafilidis, Mihail"]
[Black "Karamanis, Ioannis Marios"]
[Result "1/2-1/2"]
[WhiteElo "1906"]
[BlackElo "1536"]
[PlyCount "93"]
[EventDate "2017.07.03"]
[EventType "team-swiss"]
[EventRounds "7"]
[EventCountry "GRE"]
[SourceTitle "CBM 179 Extra"]
[Source "ChessBase"]
[SourceDate "2017.08.23"]
[SourceVersion "1"]
[SourceVersionDate "2017.08.23"]
[SourceQuality "1"]
[WhiteTeam "Orekastro Marion Thunder"]
[BlackTeam "Triandrias Chess Intervention"]
[WhiteTeamCountry "GRE"]
[BlackTeamCountry "GRE"]

1. e4 c5 2. Nf3 e6 3. d4 cxd4 4. Nxd4 Nc6 5. Nc3 Qc7 6. Be3 a6 7. Be2 Be7 8. 0-0 b5 9. f4 Bb7 10. Bf3 Rc8 11. Nxc6 Bxc6 12. Qd4 Nf6 13. e5 Bxf3 14. Rxf3 Ng4 15. Kh1 Nxe3 16. Qxe3 b4 17. Ne4 Qxc2 18. Rf2 Qc6 19. Rd1 Bc5 20. Nxc5 Qxc5 21. Qd3 0-0 22. Rfd2 Qc4 23. Qxd7 g6 24. Rd4 Qxa2 25. Rxb4 Rcd8 26. Qxd8 Rxd8 27. Rxd8+ Kg7 28. h3 a5 29. Rbd4 Qxb2 30. Kh2 h5 31. Rd2 Qc3 32. R8d3 Qc4 33. Rd4 Qc3 34. R2d3 Qc2 35. Rd2 Qc3 36. R4d3 Qc4 37. g3 h4 38. Rd4 hxg3+ 39. Kxg3 Qc3+ 40. R4d3 Qc1 41. Rd1 Qc2 42. R1d2 Qc1 43. Rd1 Qc2 44. R3d2 Qc3+ 45. Rd3 Qc2 46. R1d2 Qc1 47. Rd1 1/2-1/2